000 02149cam a2200277 i 4500
001 22146632
005 20260624182319.0
008 210722s2023 maua b 001 0 eng
020 _a9781284238860
040 _cPK-LaUMT
082 0 0 _a616.0756
_bCLI-
245 1 0 _aClinical chemistry :
_bprinciples, techniques, and correlations /
_cMichael L. Bishop . . . [et al.]
250 _a9th ed.
260 _aBurlington :
_bJones & Bartlett Learning,
_c2023
300 _axxxiii, 821 p. :
_bcolor illustrations ;
_c28 cm
500 _aIndex present
520 _a"Medical Lab Science students need a strong foundation in applied chemistry need to learn and demonstrate mastery of the required knowledge, skills and competencies as specified by certifying bodies and accreditation organizations to be prepared for certification and employment as a professional medical assistant. Hear explanations that balance analytic principles, techniques, and correlation of results with coverage of disease states. For over 30 years and 8 editions Bishop has gained the reputation in the market as the trusted resource written by Clinical Lab Scientists specifically for CLS students. Many of the leading books on the market are adapted from general chemistry textbooks, while Bishop sets itself apart from the competition by its logical organization reorganize the chapter order to reflect clinical chemistry flow in most courses today. Individual chapter content will be based on the ASCLS Entry Level Curriculum. A map of how the textbook correlates to the ASCLS curriculum will be provided as an instructor resource. Bishop not only demonstrates the how of clinical testing, but also the what, why, and when of testing correlations to help students develop the knowledge and interpretive and analytic skills they will need in their future careers"-- Provided by publisher
546 _aEng
650 0 _aClinical chemistry.
_92137
700 1 _aBishop, Michael L.,
_913216
700 1 _aFody, Edward P.,
_913217
700 1 _aSiclen, Carleen Van,
_913218
700 1 _aMistler, James March,
_913219
700 1 _aMoy, Michelle,
_913220
942 _cBK
999 _c129856
_d129856